000 02130cam a22004574i 4500
003 PE-LiUPU
005 20250731165411.0
008 151022s2013 pe a grm 000 0 spa d
035 _a(Sirsi) a155038
040 _aPE-LiUPU
_bspa
_cPE-LiUPU
_erda
099 _aTEF 2
_bP59 2013
100 1 _aPineda Gallegos, Carlos Alberto
_eautor
245 1 _aRelación entre el nivel de conocimientos y la aplicación de la técnica de curación de la UPP del profesional de enfermería de la Clínica Geriátrica San Isidro Labrador y del Hospital Daniel Alcides Carrión octubre del 2012 - Enero del 2013 /
_cCarlos Alberto Pineda Gallegos.
264 0 _c2013.
300 _a125 hojas :
_bilustraciones;
_c30 cm
336 _atext
_2rdacontent
337 _aunmediated
_2rdamedia
338 _avolume
_2rdacarrier
502 _aTesis
_b(Lic.) --
_cUniversidad Peruana Unión,
_d2013.
504 _aIncluye referencias
520 3 _aHDAC, frente a la aplicación de la técnica de curación de úlceras por presión, a pesar que ambos presentan un nivel de aplicación alta y satisfactoria, sin embargo no sobrepasa el promedio del nivel medio y bajo. -Se demuestra que existe relación estadística significativa entre las variables de estudio en los resultados del cuestionario de conocimientos sobre úlceras por presión y aplicación de la técnica de curación, en el caso de la Clínica Geriátrica San Isidro Labrador. Para el caso de los resultados del Hospital Daniel Alcides Carrión, no existe relación estadística significativa.
526 _aSEG44
526 _aSEG26
526 _aP151
526 _aP150
526 _aP149
526 _aP146
526 _aP145
526 _aP126
526 _aP125
526 _aP92
526 _aP75
526 _aP74
526 _aP27
526 _aP15
650 0 4 _aEnfermeros
_xEnfermería
700 1 _aVilca Arteaga, José Jeremy
_eautor
596 _a1
942 _2ddc
_cTESIS
999 _aTEF 2 P59 2013
_wALPHANUM
_c7728
_iT01362
_lCCODEBUL3
_mBUL
_r1
_sY
_tTESIS
_u2015-10-22
_xSALUD
_PP22
_o.STAFF. lTesis
_d7728
980 _81
_gALBERTO SANCHEZ Responsable de Automatización